000 00952nam a2200289 i 4500
001 000030338
003 DO-SdBNP
005 20260306123527.0
007 ta
008 110510s2012 dr abc 000 | spa d
020 _a9789993478706
040 _aDO-SdBNP
_bspa
_cBNPHU
_erda
041 _aspa
082 _axxx
_bP438c
_222
100 1 _aPérez Méndez, Persiles Ayanes,
_eautor
_4aut.
_989162
245 0 0 _aConferencia de otoño "Elizardo Pérez Espinosa :
_buna actividad permanente del leonismo dominicano, 40 versiones /
_cPersiles Ayanes Pérez Méndez.
250 _aPrimera edición
264 4 _aSanto Domingo :
_bEditorial Soto Castillo,
_c©2012.
300 _a159 paginas :
_bilustraciones ;
_c24 cm.
336 _atexto
_btxt
_2rdacontent
337 _asin mediación
_bn
_2rdamedia
338 _avolumen
_bnc
_2rdacarrier
490 _aLions International
590 _aInventariado, 2023 / DG
910 _aDG
942 _2ddc
_cLBS1
999 _c53394
_d53394